000 00521nam a2200193Ia 4500
005 20260429111852.0
008 260429s9999||||xx |||||||||||||| ||und||
020 _a9798887153827
041 _aEnglish
082 _a025.04
_bHAM
100 _aHammersmith, Max P.
245 0 _aLibrary database management /
_cMax P. Hammersmith
250 _a1st ed.
260 _aUnited Kingdom :
_bOryson Press,
_c2024.
300 _aix, 283 p.; hb
650 _a Database management
650 _aLibrary science
942 _cTB
999 _c51210
_d51210